8 Times Table Game - Statistics

General Stats
  • This quiz has been taken 2,416 times
    1,960 since last reset
  • The average score is 12 of 12
Answer Stats
Problem Answer % Correct
8 x 1 8
99%
8 x 2 16
98%
8 x 3 24
98%
8 x 5 40
98%
8 x 4 32
97%
8 x 6 48
97%
8 x 7 56
97%
8 x 8 64
96%
8 x 9 72
96%
8 x 10 80
96%
8 x 11 88
96%
8 x 12 96
95%
No matching quizzes found
Score Distribution
Percent of People with Each Score
Percentile by Number Answered
Your Score History
You have not taken this quiz since the last reset